|
|
|
|
| LEADER |
00000cam a2200000 a 4500 |
| 001 |
vtls011741666 |
| 003 |
SK-MaSNL |
| 005 |
20260301044610.0 |
| 008 |
201207t2017 xr hac 001 0 slo |
| 015 |
|
|
|a SNBZSA2018/05
|
| 020 |
|
|
|a 9788072863129
|q (viazané)
|
| 035 |
|
|
|a 00FF2B3D-B23F-489B-9FE8-938B13EAAA50
|
| 035 |
|
|
|a urn:nbn:sk:snk-am3ib06
|
| 035 |
|
|
|a urn:nbn:sk:snk-am00dj17
|
| 040 |
|
|
|a SNK
|b slo
|c SNK
|e rda
|
| 041 |
0 |
|
|a cze
|b eng
|b spa
|
| 043 |
|
|
|a e-sp---
|a e-cs---
|
| 044 |
|
|
|a xr
|c CZ
|
| 072 |
|
7 |
|a 355/359
|x Vojenstvo. Obrana krajiny. Ozbrojené sily
|2 konspekt
|
| 072 |
|
7 |
|a 94(46)
|x Dejiny štátov a území na Pyrenejskom poloostrove
|2 konspekt
|
| 080 |
|
|
|a 355.311.6
|2 2011
|
| 080 |
|
|
|a 94(460)"1936/1939"
|2 2011
|
| 080 |
|
|
|a (=162.3):(=162.4)
|2 2011
|
| 080 |
|
|
|a 94(460)
|2 2011
|
| 080 |
|
|
|a 94(437)
|2 2011
|
| 080 |
|
|
|a (048.8:082)
|2 2011
|
| 080 |
|
|
|a 327
|2 2011
|
| 100 |
1 |
|
|a Maršálek, Zdenko,
|d 1966-
|4 aut
|9 110990
|
| 245 |
1 |
0 |
|a Interbrigadisté, Československo a španělská občanská válka
|b neznámé kapitoly z historie československé účasti v občanské válce ve Španělsku 1936-1939
|c Zdenko Maršálek, Emil Voráček a kol.
|
| 246 |
3 |
|
|a Neznámé kapitoly z historie československé účasti v občanské válce ve Španělsku 1936-1939
|
| 264 |
|
|
|a Praha
|b Historický ústav AV ČR, v.v.i.
|b Ústav pro soudobé dějiny AV ČR, v.v.i.
|c 2017
|
| 300 |
|
|
|a 330 strán
|b faksimile, ilustrácie, portréty, tabuľky
|c 22 cm
|
| 504 |
|
|
|a Obsahuje bibliografiu, bibliografické odkazy a register
|
| 546 |
|
|
|a Anglické a španielské resumé
|
| 650 |
0 |
7 |
|a interbrigády
|2 SNKPH
|9 117241
|
| 650 |
0 |
7 |
|a španielska občianska vojna (1936-1939)
|2 SNKPH
|9 177838
|
| 650 |
0 |
7 |
|a Slováci a Česi
|2 SNKPH
|9 69921
|
| 650 |
0 |
7 |
|a International brigades
|2 SNKPHeng
|9 351289
|
| 650 |
0 |
7 |
|a Spanish civil war, 1936-1939
|2 SNKPHeng
|9 351290
|
| 650 |
0 |
7 |
|a Slovaks and Czechs
|2 SNKPHeng
|9 266819
|
| 650 |
0 |
7 |
|a zahraničná politika
|2 SNKPH
|9 971
|
| 650 |
0 |
7 |
|a Foreign policy
|2 SNKPHeng
|9 266402
|
| 651 |
|
7 |
|a Španielsko
|x dejiny
|2 SNKPHgeo
|9 164920
|
| 651 |
|
7 |
|a Spain
|x History
|2 SNKPHeng
|9 238548
|
| 651 |
|
7 |
|a Czechoslovakia
|x History
|2 SNKPHeng
|9 125910
|
| 651 |
|
7 |
|a Československo
|x dejiny
|2 SNKPHgeo
|9 161432
|
| 655 |
|
7 |
|a kolektívne monografie
|2 SNKPH
|9 249850
|
| 655 |
|
7 |
|a Collective monographs
|2 SNKPHeng
|9 125747
|
| 700 |
1 |
|
|a Voráček, Emil,
|d 1950-
|4 aut
|9 62511
|
| 919 |
|
|
|a 978-80-7286-312-9
|
| 958 |
|
|
|a ZS
|
| 958 |
|
|
|a NB
|
| 999 |
|
|
|c 596366
|d 598296
|
| 952 |
|
|
|a SNK
|b SNK
|y PREZ
|7 0
|p 17A1322536
|o snkSC 179033
|i snk2018/7575
|8 2
|g 12.61
|0 0
|1 0
|4 0
|d 2018-02-28
|f 1
|l 0
|r 2026-02-23 15:39:39
|w 2026-02-23
|
| 952 |
|
|
|a SNK
|b SNK
|y VYP
|7 0
|p 17A1336598
|o snkSC 179033 D1
|i snk2018/19371
|8 4
|g 19.06
|0 0
|1 0
|4 0
|d 2018-07-10
|l 0
|r 2026-02-23 15:39:39
|w 2026-02-23
|
| 952 |
|
|
|t snkMAR 355.48(460)
|a SNKUST
|b SNKUST
|y PREZ
|7 0
|p 17A1352670
|o snkSC 179033 D2
|i snk2019/1237
|8 2
|g 3.00
|0 0
|1 0
|4 0
|d 2018-09-26
|l 0
|r 2025-03-20 00:00:00
|w 2026-02-23
|